Normal view
MARC view
- Headlam-Morley, Kenneth
Entry Personal Name
001 - CONTROL NUMBER
- control field: 49179
003 - CONTROL NUMBER IDENTIFIER
- control field: NUST
005 - DATE AND TIME OF LATEST TRANSACTION
- control field: 20210314134256.0
008 - FIXED-LENGTH DATA ELEMENTS
- fixed length control field: 210314|| aca||aabn | a|a d
040 ## - CATALOGING SOURCE
- Original cataloging agency: NUST
- Transcribing agency: NUST
100 ## - HEADING--PERSONAL NAME
- Personal name: Headlam-Morley, Kenneth
670 ## - SOURCE DATA FOUND
- Source citation: Work cat.: (NUST): Headlam, James Wycliffe, 49177, Studies in diplomatic history,, [1930]
